Analysis and design of electronic circuits
保存先:
| 第一著者: | |
|---|---|
| フォーマット: | 図書 |
| 言語: | English |
| 出版事項: |
New York, McGraw-Hill
1965
|
| シリーズ: | McGraw-Hill electrical and electronic engineering series
|
| タグ: |
タグ追加
タグなし, このレコードへの初めてのタグを付けませんか!
|
MARC
| LEADER | 00000nam a2200000Ia 4500 | ||
|---|---|---|---|
| 003 | 000578 | ||
| 005 | 20221231143943.0 | ||
| 008 | 140114s1965 nyua 000 ||eng d | ||
| 040 | |c cru CEDI | ||
| 082 | |a 621.381.5 Ch514a | ||
| 100 | |a Chirlian, Paul M. |9 19184 | ||
| 245 | |a Analysis and design of electronic circuits | ||
| 260 | |a New York, McGraw-Hill |c 1965 | ||
| 300 | |a 570 páginas; ilustraciones | ||
| 440 | |a McGraw-Hill electrical and electronic engineering series |9 18688 | ||
| 942 | |2 ddc |c BK | ||
| 999 | |c 14740 |d 14740 | ||
